Goethes Weltanschauung /

Hlavní autor: Spranger, Eduard, 1882-1963
Jazyk: Němčina
Vydáno: Leipzig : Im Insel-Verlag, [1933?]
Edice: Insel-Bücherei
Témata:
Fyzický popis: 82 stran
Language note: Tištěno frakturou
Knihy
Uloženo v:
LEADER 01245nam a22003497i 4500
001 001883853
003 CZ BrMZK
005 20240124115357.0
007 ta
008 240124s1933 gw er|||||||||||ger d
040 |a ABD001  |b cze  |d BOA001  |e rda 
072 7 |a 821.112.2.09  |x Německá literatura, německy psaná (o ní)  |2 Konspekt  |9 11 
100 1 |a Spranger, Eduard,  |d 1882-1963  |7 jo2002113592  |4 aut 
245 1 0 |a Goethes Weltanschauung /  |c von Eduard Spranger 
264 1 |a Leipzig :  |b Im Insel-Verlag,  |c [1933?] 
300 |a 82 stran 
336 |a text  |b txt  |2 rdacontent 
337 |a bez média  |b n  |2 rdamedia 
338 |a svazek  |b nc  |2 rdacarrier 
490 1 |a Insel-Bücherei ;  |v Nr. 446 
504 |a Obsahuje bibliografii 
546 |a Tištěno frakturou 
600 1 7 |a Goethe, Johann Wolfgang von,  |d 1749-1832  |7 jn19990002740  |2 czenas 
650 0 7 |a německá literatura  |7 ph117246  |2 czenas 
650 0 7 |a německá poezie  |7 ph123496  |2 czenas 
650 0 7 |a literatura a společnost  |7 ph122371  |2 czenas 
655 7 |a studie  |7 fd133597  |2 czenas 
830 0 |a Insel-Bücherei 
910 |a BOA001  |b 1-0086.853,446 
990 |a BK 
991 |b 202401 
996 6 |b 2618758446  |c 1-0086.853,446  |l MZK  |r Sklad / do 1 hodiny  |n 0  |w 001951737  |u 000010  |a 1  |e BOA001  |j MZK50  |s P